00968cam a2200289 a 450000100090000000300050000900500170001400800410003101000170007202000350008902000320012403500210015604000710017705000260024808200160027410000310029024500590032125000120038026000340039230000210042665000320044765500270047990600450050694200120055199900190056395200960058215326985NUST20220706101356.0080612s2009 nyu 000 1 eng  a 2008026420 a9780061239991 (acidfree paper) a0061239992 (acidfree paper) a(OCoLC)232391462 aDLCcDLCdBTCTAdBAKERdOCLCGdYDXCPdC#PdBWXdWIQdCDXdDLCdDLC00aPR6104.U535bD39 200900a823.92bDUN1 aDuncan, Glen,d1965-9823812aA day and a night and a day :ba novel /cGlen Duncan. a1st ed. aNew York, NY :bEcco,cc2009. a244 p. ;c22 cm. 0aQuestioningvFiction.98239 0aPsychological fiction. a7bcbccorignewd1eecipf20gy-gencatlg 2ddccBK c590281d590281 00102ddc4070aCLbCLcFICd2022-07-06l0o823.92 DUNpCL3444r2025-03-20w2022-07-06yBK